000
00206nam a2200073Ia 4500
008
170523s9999 xx 000 0 und d
100
_a
Mahajan- M.
245
0
_a
Industrial Engineering and Production Management
260
_a
Dhanpat Rai & Co.
999
_c
12221
_d
12221